Mekka - mesto duchovnej jednoty moslimského sveta

Mekka - najsvätejšie mesto pre všetkých moslimov. Púť do mekky patrí medzi päť základných pilierov islamskej viery. V článku autor prináša popis púte do Mekky. Saudská Arábia priťahuje v posledných rokoch turistov z celého sveta (nielen moslimov). Táto krajina má ideálne podmienky pre náboženský ces...

Ausführliche Beschreibung

Gespeichert in:
Bibliographische Detailangaben
1. Verfasser: Al-Absi Marwan
Format: Buchkapitel
Sprache:Slowakisch
Schlagworte:
Tags: Tag hinzufügen
Keine Tags, Fügen Sie das erste Tag hinzu!

MARC

LEADER 00000naa$a2200000$$$4500
001 0091000
005 20231127085036.9
041 0 |a slo 
044 |a SK 
245 1 0 |a Mekka - mesto duchovnej jednoty moslimského sveta  |c Al-Absi Marwan 
520 |a Mekka - najsvätejšie mesto pre všetkých moslimov. Púť do mekky patrí medzi päť základných pilierov islamskej viery. V článku autor prináša popis púte do Mekky. Saudská Arábia priťahuje v posledných rokoch turistov z celého sveta (nielen moslimov). Táto krajina má ideálne podmienky pre náboženský cestovný ruch. 
610 2 0 |a náboženstvo 
610 2 0 |a islam 
610 2 0 |a Saudská Arábia 
610 2 0 |a ruch cestovný 
100 1 |a Al-Absi Marwan